LIBRARY & INFORMATION CENTRE, KCAET, TAVANUR

ONLINE PUBLIC ACCESS CATALOGUE (OPAC)

Proceedings of the Silver jubilee Convention,Indian Society of Agricultural Engineers 29-31 October 1985 vol-4 Energy in Agriculture / (Record no. 10673)

MARC details
000 -LEADER
fixed length control field 00397cam a2200109ua 4500
082 ## - DEWEY DECIMAL CLASSIFICATION NUMBER
Classification number 631.30954
Item number IND/PR
100 ## - MAIN ENTRY--AUTHOR NAME
Personal name , .
245 00 - TITLE STATEMENT
Title Proceedings of the Silver jubilee Convention,Indian Society of Agricultural Engineers 29-31 October 1985 vol-4 Energy in Agriculture /
260 ## - PUBLICATION, DISTRIBUTION, ETC. (IMPRINT)
Place of publication Bhopal :
Name of publisher Central Institute of Agricultural Engineering ,
Year of publication 1985.
300 ## - PHYSICAL DESCRIPTION
Number of Pages 58 ; .
942 ## - ADDED ENTRY ELEMENTS (KOHA)
Koha item type Reference
Holdings
Withdrawn status Lost status Damaged status Collection code Home library Current library Shelving location Date acquired Full call number Accession Number Koha item type
      Reference KAUAET KAUAET Reference 24/10/1989 631.30954.IND/PR 16542 Reference
free website counter